Multiagent systems

Đã lưu trong:
Chi tiết về thư mục
Tác giả chính: Weiss, Gerhard
Định dạng: Sách
Được phát hành: The MIT Press
Các nhãn: Thêm thẻ
Không có thẻ, Là người đầu tiên thẻ bản ghi này!

MARC

LEADER 00000nam a2200000Ia 4500
005 20260515061616.0
100 |a Weiss, Gerhard 
020 |a 9780262533874 
942 |c BK 
245 |a Multiagent systems  
260 |b The MIT Press 
999 |c 37  |d 37 
952 |0 0  |1 0  |4 0  |7 0  |a ABDN  |b ABDN  |d 2026-05-15  |l 0  |p 000096  |r 2026-05-15 06:16:16  |w 2026-05-15  |y BK